[Manažment podnikania a vecí verejných - úvod k vydaniu zborníka]

Uložené v:
Podrobná bibliografia
Hlavný autor: Tóth, Miroslav, 1961-
Médium: Kapitola
Jazyk:Slovak
Tagy: Pridať tag
Žiadne tagy, Buďte prvý, kto otaguje tento záznam!

MARC

LEADER 00000naa$a2200000$$$4500
001 0174213
005 20240502072954.2
041 0 |a slo 
044 |a SK 
245 1 0 |a [Manažment podnikania a vecí verejných - úvod k vydaniu zborníka]  |c Miroslav Tóth 
100 1 |a Tóth, Miroslav, 1961-